Annals de l'Institut d'Acció Social Universitària i Escolar de Catalunya / publicats sota la direcció d'Antoni Ma. Sbert
Descripción Física:
il. ; 22 cm
Otros Autores:
Sbert, Antoni M.
MARC
| LEADER | 00000nam a2200000Ia 4500 | ||
|---|---|---|---|
| 001 | 12738 | ||
| 008 | 160829s1935 xx 000 0 cat d | ||
| 080 | |a E-1-112 | ||
| 100 | |a Institut d'Acció Social Universitària i Escolar de Catalunya |9 48908 | ||
| 245 | |a Annals de l'Institut d'Acció Social Universitària i Escolar de Catalunya / publicats sota la direcció d'Antoni Ma. Sbert | ||
| 260 | |a Barcelona : |b Servei d'Informació i Publicacions de l'I.A.S.U.E., |c 1935 | ||
| 300 | |a il. ; |c 22 cm | ||
| 590 | |a Quaderns semestrals. | ||
| 590 | |a Hi ha un duplicat a: DUP-208. | ||
| 650 | |a Institut d'Acció Social Universitària i Escolar de Catalunya |x Història |9 48915 | ||
| 700 | |a Sbert, Antoni M. |9 48916 | ||
| 866 | |a 1 | ||
| 901 | |a Arxiu | ||
| 942 | |n 1 | ||
| 952 | |0 0 |1 0 |4 0 |6 E1112 |7 1 |9 54963 |a Arxiu |b Arxiu |d 2016-12-01 |l 0 |o E-1-112 |p 12738 |r 2016-12-01 00:00:00 |w 2016-12-01 |y ARXIU | ||
| 999 | |c 58833 |d 58833 | ||